Holenderscy piłkarze - nagła śmierć - Statystyki

Ogólne statystyki
  • Ten quiz został rozwiązany 200 razy
  • Średni wynik to 12 z 14
Answers on the Grid
Answers color-coded by a green-red scale on the quiz's grid according to % correct below.
Robin van Persie
Toby Alderweireld
Arjen Robben
Thomas Müller
James Rodríguez
Ruud van Nistelrooy
Giuseppe Rossi
Fernando Torres
Dennis Bergkamp
Luca Toni
Wesley Sneijder
Frank de Boer
Virgil van Dijk
Patrick Kluivert
Radamel Falcao
Dirk Kuyt
Éver Banega
Ronald Koeman
Gio van Bronckhorst
Fabio Coentrão
Rafael van der Vaart
Klaas-Jan Huntelaar
Mario Balotelli
Ángel Correa
Emiliano Martínez
Marco van Basten
Daniele De Rossi
Ángel Di María
 
Statystyki odpowiedzi
Odpowiedź % Poprawnych
Robin van Persie
99%
Ruud van Nistelrooy
91%
Rafael van der Vaart
90%
Virgil van Dijk
90%
Marco van Basten
89%
Arjen Robben
87%
Klaas-Jan Huntelaar
87%
Dennis Bergkamp
85%
Gio van Bronckhorst
85%
Wesley Sneijder
85%
Frank de Boer
84%
Patrick Kluivert
84%
Ronald Koeman
84%
Dirk Kuyt
83%
Nie znaleziono quizów pasujących do podanych kryteriów
Rozkład punktacji
Procent ludzi z każdym wynikiem
Percentyl według liczby udzielonych odpowiedzi
Twoja historia wyników
Nie rozwiązałeś tego quizu